00947cam a2200265 a 450000100100000000500170001000800410002702000150006804000230008304100380010608200180014410000310016224500660019326000430025930000210030244000290032353400400035265000250039265000280041770000330044570000330047891000340051195201210054599900150066600000442120200929151435.0750807s1981 ag 000 f spa  a9501508692 aDO-SdBNPcDLCdDLC17aspaheng2Código de idioma MARC a823.914bJ27t1 aJames, P. D.d1920-91298913aLa torre negra /cP. D. James ; traducción, Dolores Sierra. aBuenos Aires :bJavier Vergara,c1981. a325 p. ;c19 cm. 0aNarrativa Pocker.912990 aTítulo original: The black tower. 4aNovela inglesa91071 4aLiteratura inglesa94981 aSierra, Dolores,etr.9129911 aVergara, Javier,eed.912864 aCatalogación por copia / LC 001054708MOaGRbGRcCTd2010-03-25iLF1l0o823.914 J27tp4421-10r2020-06-25w2020-06-25y4ZPréstamo en sala c4230d4230